000 00345nam a2200133Ia 4500
008 210210b1994 xxu||||| |||| 00| 0 eng d
082 _a820.5 SHAF
100 _aSHARMA (Shanker Dayal)
245 _aFor a better future
260 _aN D
_bSterling Publishers Pvt Ltd.,
_c1994
300 _aix,107
690 _aEnglish Speeches
906 _a048775
999 _c97739
_d97739